| 000 | 01286nam0a22002771 4500 | ||
|---|---|---|---|
| 001 | rc\3289408 | ||
| 005 | 20130115145239.9 | ||
| 035 | _a(NLR Aleph) 007402387 | ||
| 090 |
_a6726493 _c6726493 |
||
| 100 | _a20130115d1973 |||y0rusy50 ca | ||
| 101 | 0 | _arus | |
| 102 | _aRU | ||
| 105 | _ay z ||||| | ||
| 200 | 1 |
_aОтчет о командировке в Индию [для участия в работе Индийского научного конгресса. Чандигар. 1-15 января 1973 г.] _fАН СССР. Всесоюз. ин-т науч. и техн. информации |
|
| 210 |
_aМосква _cБ. и. _d1973 |
||
| 215 |
_a12 с. _d21 |
||
| 300 | _aПеред загл. авт.: С.С. Шварц | ||
| 300 | _aНа 2-й с. - акад. С.С. Шварц | ||
| 333 | _aДля служебного пользования. Экз. № 000008 | ||
| 532 | 1 | 3 | _aОтчет о командировке в Индию для участия в работе Индийского научного конгресса. Чандигар. 1-15 января 1973 г. |
| 700 | 1 |
_aШварц _bС. С. _f1919-1976 _gСтанислав Семенович |
|
| 801 | 0 |
_aRU _bNLR _gpsbo |
|
| 801 | 1 |
_aRU _bELAR _2rusmarc |
|
| 852 |
_aNLR _j73-50К/5915 |
||
| 942 | _cBOOK | ||
| 980 | _aNB | ||